[Event "Lyon Rhone op"]
[Site "Lyon"]
[Date "2006.??.??"]
[Round "7"]
[White "Abouan, Stephane"]
[Black "Chatalbashev, Boris"]
[Result "0-1"]
[WhiteElo "2077"]
[BlackElo "2488"]
[PlyCount "106"]
[EventDate "2006.04.??"]
[EventType "swiss"]
[EventRounds "9"]
[EventCountry "FRA"]
[SourceTitle "EXT 2007"]
[Source "ChessBase"]
[SourceDate "2006.11.23"]
[SourceVersion "1"]
[SourceVersionDate "2006.11.23"]
[SourceQuality "1"]

1. e4 c5 2. Nf3 d6 3. d4 cxd4 4. Qxd4 Nc6 5. Bb5 Qd7 6. Bxc6 Qxc6 7. Nc3 Bg4 8. Qd3 Bxf3 9. Qxf3 Nf6 10. Qe2 e6 11. 0-0 Be7 12. Bf4 0-0 13. Rad1 a6 14. Rd3 b5 15. e5 dxe5 16. Bxe5 Rac8 17. Rg3 Rfd8 18. a3 g6 19. Qe3 Nd7 20. Rh3 Nxe5 21. Qxe5 Qd6 22. Qe3 Qd4 23. Qh6 Qg7 24. Qe3 Bc5 25. Qf3 Bd4 26. Qb7 Bxc3 27. Rxc3 Rxc3 28. bxc3 Qxc3 29. Qxa6 Qc4 30. h3 Rd2 31. Rb1 Rxf2 32. Kxf2 Qxc2+ 33. Kg3 Qxb1 34. Qc8+ Kg7 35. Qc3+ Kh6 36. Qe3+ g5 37. Qc5 Kg6 38. Qf8 Qe1+ 39. Kh2 Qe5+ 40. Kh1 h5 41. Qb4 h4 42. Qf8 f6 43. Qg8+ Kf5 44. Qh7+ Kf4 45. Qb1 Ke3 46. Qd1 Kf2 47. Qg1+ Ke2 48. Qb1 f5 49. Qc1 g4 50. Qc2+ Kf1 51. hxg4 fxg4 52. Qd1+ Qe1 53. Qd4 e5 0-1

[Event "Bethune op 26th"]
[Site "Bethune"]
[Date "2005.12.26"]
[Round "1"]
[White "Jossien, Arnaud"]
[Black "Abouan, Stephane"]
[Result "1-0"]
[WhiteElo "2323"]
[BlackElo "2102"]
[PlyCount "53"]
[EventDate "2005.12.26"]
[EventType "swiss"]
[EventRounds "9"]
[EventCountry "FRA"]
[SourceTitle "CBM 110 Extra"]
[Source "ChessBase"]
[SourceDate "2006.03.10"]
[SourceVersion "2"]
[SourceVersionDate "2006.03.10"]
[SourceQuality "1"]

1. e4 c5 2. Nf3 e6 3. Qe2 Nc6 4. g3 Nge7 5. Bg2 g6 6. h4 Bg7 7. h5 d6 8. d3 e5 9. c3 Bg4 10. h6 Bf6 11. Na3 Qc7 12. Be3 a6 13. Qd2 0-0 14. Rc1 b5 15. Nc2 Rac8 16. 0-0 Bh8 17. d4 cxd4 18. cxd4 Qa5 19. d5 Qxd2 20. Nxd2 Nb8 21. Ba7 Bf6 22. Ne3 Bd7 23. Nf3 Rfd8 24. Bb6 Rxc1 25. Rxc1 Nc8 26. Bc7 Na7 27. Bxb8 1-0

[Event "Syre Memorial op 28th"]
[Site "Issy les Moulineaux"]
[Date "2005.05.07"]
[Round "2"]
[White "Abouan, Stephane"]
[Black "Bernard, Christophe"]
[Result "0-1"]
[WhiteElo "2078"]
[BlackElo "2307"]
[PlyCount "64"]
[EventDate "2005.05.05"]
[EventType "swiss"]
[EventRounds "6"]
[EventCountry "FRA"]
[SourceTitle "EXT 2007"]
[Source "ChessBase"]
[SourceDate "2006.11.23"]
[SourceVersion "1"]
[SourceVersionDate "2006.11.23"]
[SourceQuality "1"]

1. e4 c5 2. Nf3 d6 3. d4 cxd4 4. Qxd4 Nc6 5. Bb5 Bd7 6. Bxc6 Bxc6 7. Nc3 Nf6 8. Bg5 e6 9. 0-0-0 Be7 10. Rhe1 0-0 11. Qd2 a5 12. Nd4 a4 13. f3 a3 14. b3 Qa5 15. Kb1 Rfc8 16. Nce2 Qxd2 17. Bxd2 Bd7 18. c4 e5 19. Nc2 b5 20. cxb5 d5 21. exd5 Rxc2 22. Kxc2 Bf5+ 23. Kc1 Nxd5 24. Nc3 Nxc3 25. Bxc3 Bg5+ 26. Rd2 Rc8 27. Rxe5 g6 28. Kd1 Rxc3 29. g4 Bxd2 30. gxf5 Bf4 31. Re4 Bxh2 32. f6 h5 0-1

[Event "Bethune op-A 25th"]
[Site "Bethune"]
[Date "2004.12.27"]
[Round "3"]
[White "Abouan, Stephane"]
[Black "Dessaux, David"]
[Result "1-0"]
[WhiteElo "2102"]
[BlackElo "1760"]
[PlyCount "40"]
[EventDate "2004.12.26"]
[EventType "swiss"]
[EventRounds "7"]
[EventCountry "FRA"]
[SourceTitle "CBM 104 Extra"]
[Source "ChessBase"]
[SourceDate "2005.03.01"]
[SourceVersion "1"]
[SourceVersionDate "2005.03.01"]
[SourceQuality "1"]

1. e4 c6 2. d4 d5 3. Nd2 dxe4 4. Nxe4 Bf5 5. Ng3 Bg6 6. h4 h5 7. Nf3 Nd7 8. Bd3 Bxd3 9. Qxd3 e6 10. Bf4 Qb6 11. 0-0-0 0-0-0 12. Ng5 Nh6 13. Nxh5 g6 14. Ng3 Be7 15. Qe2 Bf6 16. N3e4 Nf5 17. Nxf6 Nxf6 18. Nxf7 Nxd4 19. Qe5 Rd5 20. Qxf6 Rhh5 1-0

[Event "Bethune op-A 25th"]
[Site "Bethune"]
[Date "2004.12.26"]
[Round "1"]
[White "Abouan, Stephane"]
[Black "Bojkov, Dejan"]
[Result "0-1"]
[WhiteElo "2102"]
[BlackElo "2475"]
[PlyCount "50"]
[EventDate "2004.12.26"]
[EventType "swiss"]
[EventRounds "7"]
[EventCountry "FRA"]
[SourceTitle "CBM 104 Extra"]
[Source "ChessBase"]
[SourceDate "2005.03.01"]
[SourceVersion "1"]
[SourceVersionDate "2005.03.01"]
[SourceQuality "1"]

1. e4 d6 2. d4 Nf6 3. Nc3 e5 4. Nf3 Nbd7 5. Bc4 Be7 6. 0-0 0-0 7. Re1 c6 8. a4 a5 9. b3 exd4 10. Qxd4 Qc7 11. Bb2 Ne5 12. Be2 Nh5 13. Qd2 Rd8 14. Nd4 Nf6 15. Rad1 Qb6 16. Qf4 Ng6 17. Qg3 Qc5 18. h3 Nh5 19. Bxh5 Qxh5 20. Nf3 Qc5 21. Nd4 Bf6 22. Qe3 Bg5 23. Qg3 Bf4 24. Qf3 Qg5 25. Nde2 Nh4 0-1

[Event "Paris op-A"]
[Site "Paris"]
[Date "2003.??.??"]
[Round "3"]
[White "Rode, Anthony"]
[Black "Abouan, Stephane"]
[Result "1-0"]
[WhiteElo "2068"]
[BlackElo "2173"]
[PlyCount "41"]
[EventDate "2003.07.05"]
[EventType "swiss"]
[EventRounds "9"]
[EventCountry "FRA"]
[SourceTitle "EXT 2005"]
[Source "ChessBase"]
[SourceDate "2004.11.15"]
[SourceVersion "1"]
[SourceVersionDate "2004.11.15"]
[SourceQuality "1"]

1. e4 c5 2. Nf3 e6 3. b3 Nf6 4. e5 Nd5 5. Bb2 Nc6 6. Bc4 Nde7 7. Nc3 d5 8. exd6 Nf5 9. Ne4 Nxd6 10. Qe2 Nf5 11. 0-0-0 Nfd4 12. Nxd4 cxd4 13. f4 Be7 14. g4 0-0 15. h4 a6 16. Ng5 Bf6 17. Bd3 g6 18. Nxh7 Kxh7 19. g5 Bxg5 20. hxg5+ Kg7 21. Rh7+ 1-0

[Event "Syre Memorial op 25th"]
[Site "Issy les Moulineaux"]
[Date "2002.05.09"]
[Round "2"]
[White "Nguyen, Huu Hoang Anh"]
[Black "Abouan, Stephane"]
[Result "1/2-1/2"]
[WhiteElo "2038"]
[BlackElo "2175"]
[PlyCount "71"]
[EventDate "2002.05.08"]
[EventType "swiss"]
[EventRounds "7"]
[EventCountry "FRA"]
[SourceTitle "EXT 2004"]
[Source "ChessBase"]
[SourceDate "2003.11.25"]
[SourceVersion "1"]
[SourceVersionDate "2003.11.25"]
[SourceQuality "1"]

1. c3 c5 2. Qc2 g6 3. d3 Bg7 4. Nf3 Nc6 5. e4 d6 6. g3 e5 7. Bg2 Nge7 8. 0-0 0-0 9. Nbd2 b6 10. a4 Bb7 11. Nc4 Qc7 12. Bd2 h6 13. Rac1 Kh7 14. b4 Rad8 15. b5 Nb8 16. Ne3 d5 17. exd5 Nxd5 18. c4 Nxe3 19. fxe3 f5 20. Bc3 e4 21. Ne1 exd3 22. Nxd3 Bxg2 23. Kxg2 Bxc3 24. Qxc3 Nd7 25. Nf4 Rde8 26. Nd5 Qe5 27. Qxe5 Nxe5 28. h3 Kg7 29. Rfd1 Rd8 30. Kf2 Rd6 31. Nf4 Rxd1 32. Rxd1 Rf7 33. Rd6 g5 34. Nh5+ Kh7 35. Nf6+ Kg7 36. Nh5+ 1/2-1/2

[Event "Syre Memorial op 25th"]
[Site "Issy les Moulineaux"]
[Date "2002.05.08"]
[Round "1"]
[White "Abouan, Stephane"]
[Black "Guerin, Francois"]
[Result "1/2-1/2"]
[WhiteElo "2175"]
[BlackElo "2030"]
[PlyCount "44"]
[EventDate "2002.05.08"]
[EventType "swiss"]
[EventRounds "7"]
[EventCountry "FRA"]
[SourceTitle "EXT 2004"]
[Source "ChessBase"]
[SourceDate "2003.11.25"]
[SourceVersion "1"]
[SourceVersionDate "2003.11.25"]
[SourceQuality "1"]

1. e4 c5 2. Nf3 Nc6 3. Bb5 g6 4. Bxc6 dxc6 5. h3 Bg7 6. 0-0 e5 7. d3 Qe7 8. Nc3 Nf6 9. Be3 Nd7 10. Nh2 Nf8 11. f4 exf4 12. Bxf4 Ne6 13. Be3 0-0 14. Qd2 Nd4 15. Rf2 f5 16. Rff1 Bd7 17. Bh6 Rad8 18. Bxg7 Kxg7 19. Nf3 b6 20. Nxd4 cxd4 21. Ne2 c5 22. exf5 Rxf5 1/2-1/2